| 000 | 01162nam a2200337 a 4500 | ||
|---|---|---|---|
| 999 |
_c200451099 _d69311 |
||
| 001 | 200451099 | ||
| 003 | TR-AnTOB | ||
| 005 | 20230721092446.0 | ||
| 007 | ta | ||
| 008 | 020110s2001 tu a l000 0 tur d | ||
| 020 | _a9755852115 | ||
| 035 | _a(TR-AnTOB)200451099 | ||
| 040 |
_aBGZ _beng _erda _cBGZ _dTR-AnTOB |
||
| 041 | 0 | _atur | |
| 050 | 4 |
_aHV8073 _b.S83 |
|
| 090 |
_aHV8073 _b.S83 |
||
| 245 | 0 | 0 |
_aSuç ve suçlu profili / _cEmniyet Genel Müdürlüğü. |
| 264 | 1 |
_aAnkara : _bT.C. İçişleri Bakanlığı Emniyet Genel Müdürlüğü, _c2001- |
|
| 300 |
_avolumes : _billustrations ; _c24 cm |
||
| 336 |
_atext _btxt _2rdacontent |
||
| 337 |
_aunmediated _bn _2rdamedia |
||
| 338 |
_avolume _bnc _2rdacarrier |
||
| 490 | 0 |
_aAPK Daire Başkanlığı ; _vYayın ; no. 161 _aAraştırma ; _vno. 26 |
|
| 650 | 7 |
_aCezai soruşturma _zTürkiye _2etuturkob _962831 |
|
| 650 | 7 |
_aHazırlık soruşturması (Ceza yargılaması) _zTürkiye _2etuturkob _9139968 |
|
| 650 | 7 |
_aCezai takibat _zTürkiye _2etuturkob _9139969 |
|
| 710 | 1 |
_aTürkiye. _bEmniyet Genel Müdürlüğü _945058 |
|
| 942 |
_2lcc _cBK |
||